| 000 | 00893nam a2200229 a 4500 | ||
|---|---|---|---|
| 001 | 000144285 | ||
| 003 | AM-YEHGA | ||
| 005 | 20250617122951.0 | ||
| 008 | 990701s1970 li ||||gr|||||||||0|rus|d | ||
| 040 | _aAM-YeHGA | ||
| 041 | 0 | _arus | |
| 245 | 0 | 0 |
_aПалеонтология и стратиграфия Прибалтики и Белоруссии : _bСборник / _cРедкол.: В.К. Голубцов и др. ; М-во геологии СССР, Ин-т геологии (Вильнюс). |
| 260 |
_aВильнюс : _bМинтис, _c1970. |
||
| 300 | _aсборник | ||
| 505 | 1 | 0 |
_gСб. 2 (1970; 287 с.) _gСб. 3 (1971; 216 с.) |
| 650 | 1 | 4 | _aПалеонтология |
| 650 | 1 | 4 | _aСтратиграфия |
| 700 | 1 |
_aГолубцов, В.К. _eред. _4edt |
|
| 710 | 2 | _aИнститут геологии (Вильнюс) | |
| 942 |
_2udc _cBK |
||
| 090 | _c49412 | ||
| 999 |
_c48652 _d48652 |
||